Alle Hattricks der Bundesliga der letzten 20 Jahre - Statistiken

Allgemein
  • Dieses Quiz wurde 196 mal gespielt
  • Das Durchschnittsergebnis liegt bei 15 aus 30
Antwortstatistiken
Verein Jahr Spieler % Korrekt
Borussia Dortmund 2013 Robert Lewangoalski
97%
FC Bayern München 2015 Robert Lewangoalski
97%
FC Bayern München 2011 Mario Gomez
82%
FC Bayern München 2011 Mario Gomez
82%
VfL Wolfsburg 2017 Mario Gomez
82%
Borussia Dortmund 2020 Erling Braut Haaland
76%
VfL Wolfsburg 2009 Edin Dzeko
69%
Borussia Dortmund 2016 Pierre-Emerick Aubameyang
69%
SC Freiburg 2015 Nils Petersen
68%
WERDER BREMEN 2004 Miroslav Klose
65%
Bayer 04 Leverkusen 2021 Patrik Schick
65%
Eintracht Frankfurt 2018 Luka Jovic
62%
SC Freiburg 2022 Vincenzo Grifo
60%
FC Bayern München 2008 Luca Toni
55%
SV WERDER BREMEN 2011 Claudio Pizarro
54%
TSG 1899 Hoffenheim 2009 Vedad Ibisevic
52%
1. FC Köln 2016 Anthony Modeste
50%
SV WERDER BREMEN 2017 Max Kruse
44%
SV WERDER BREMEN 2017 Max Kruse
44%
VfB Stuttgart 2010 Cacau
36%
Hamburger SV 2007 Ivica Olic
36%
Bayer 04 Leverkusen 2018 Kevin Volland
33%
Hamburger SV 2013 Pierre-Michel Lasogga
19%
TSV 1860 München 2003 Benjamin Lauth
18%
1. FC Nürnberg 2006 Robert Vittek
18%
1. FSV Mainz 05 2020 Jean-Philippe Mateta
17%
TSG 1899 Hoffenheim 2019 Ishak Belfodil
10%
Bayer 04 Leverkusen 2016 Joel Pohjanpalo
8%
1. FC Union Berlin 2021 Joel Pohjanpalo
8%
Hannover 2003 Mohamadou Idrissou
6%
Keine übereinstimmenden Quizze gefunden
Verteilung der Resultate
Anzahl Personen mit jedem Resultat
Perzentil nach korrekt beantworteten Fragen
Ihre Resultats-Entwicklung
Sie haben dieses Quiz noch nicht gespielt